Untersuchungen zum Aufbau eines Infektionskontrollsystems /

Main Author: Püschel, Wolfgang Christian
Corporate Author: Justus Liebig-Universität Giessen
Language: German
Published: Giessen : W.Ch. Püschel, 1982
Physical Description: 124 s.
Book
Saved in:
LEADER 00825nam a2200241 a 4500
001 000486377
003 CZ BrMZK
005 20101022084935.0
007 ta
008 000105s1982 gw f ger d
040 |a BOA001  |b cze 
080 |a 616.9  |2 MRF 
100 1 |a Püschel, Wolfgang Christian  |4 dis 
245 1 0 |a Untersuchungen zum Aufbau eines Infektionskontrollsystems /  |c Wolfgang Christian Püschel 
260 |a Giessen :  |b W.Ch. Püschel,  |c 1982 
300 |a 124 s. 
502 |a Disertace--Justus Liebig-Universität Giessen, 1982 
710 2 |a Justus Liebig-Universität Giessen  |7 ko2002149270 
910 |a BOA001  |b 2-0869.615 
964 |a Nákazy nemocniční - studie statistické 
990 |a BK 
991 |b 201010 
996 7 |b 2619927204  |c 2-0869.615  |l MZK  |r Sklad / do 1 hodiny  |n 0  |w 000486377  |u 000010  |a 1  |e BOA001  |j MZK50  |s A